000 00747cab a2200193 4500
001 L136621
008 070212n2007 000 0 eng u
035 _a(Sirsi) u136621
041 0 _aeng
100 1 _aCarder, Paul
245 0 0 _aBuilding a balanced scorecard for facilities management
260 _c2007
490 0 _aFacilities Management
_v14(5) February 2007, 13-15(3)
520 _aDiscusses the key measures of performance in facilities management. Reports that performance management is being driven by the increasing need to demonstrate the links between facilities management and the property owner's business results.
590 _aKA
651 4 _aUnited Kingdom
_y
690 _aMANAGEMENT-FACILITIES MANAGEMENT
942 _n0
999 _c78376
_d78376